00422nam a2200169Ia 450000500170000000800410001702000120005804000190007004100120008908200110010110000180011224500340013026000430016430000120020765000230021985000100024220230824110732.0131103s9999 xx 000 0 und d a6479308 aLoreto College aEnglish aFbHOL aHolt,Victoria 4aThe Black OpalcVictoria Holt aLondonbHarperCollins Publishersc1995 a344 p.  aFiction in English aLCLIB